| 000 | 00472nam a2200181Ia 4500 | ||
|---|---|---|---|
| 008 | 240729s9999 xx 000 0 und d | ||
| 022 | _a2041-7314 | ||
| 245 | 0 | _aJournal of Tissue Engineering | |
| 260 | _aUnited Kingdom | ||
| 260 | _bSAGE Publishing | ||
| 650 | _a Biochemistry | ||
| 650 | _a Chemistry | ||
| 650 | _a Organic chemistry | ||
| 650 | _aScience | ||
| 856 | _uhttps://doaj.org/toc/a664f5e7e2944746a6fde9bb47d52c67 | ||
| 942 | _2ddc | ||
| 942 | _cDOAJEJ | ||
| 999 |
_c67666 _d67666 |
||
| 945 |
_a1 _bMadushi Gamage _c1 _dMadushi Gamage |
||